000 00783nam a22003250a 4500
001 UByD000275
003 AR-LpoUNG
005 20220405211504.0
008 220403s2016||||ag |||||||||||||||||spa d
020 _a9789875521049
040 _aAR-LpoUNG
_bspa
_cAR-LpoUNG
_eaacr
041 _aspa
044 _auy
082 0 _aA861 447ale
100 1 _aAlmeida, Taty
245 1 0 _aAlejandro por siempre amor
250 _a3ra. ed.
260 _aBuenos Aires :
_bBaobab,
_c2016.
300 _a124 p. :
_bfot.
650 4 _aARGENTINA
650 4 _aPOESIA
650 4 _aLITERATURA
650 4 _aDERECHOS HUMANOS
650 4 _aVICTIMAS
650 4 _aDICTADURA
653 _aMADRES DE PLAZA DE MAYO
653 _aDESAPARECIDOS
905 _a60220
942 _cLIB
_2ddc
999 _c62998
_d62998